Online
Catalog

The good earth / (Record no. 17785)

MARC details
000 -CABECERA
campo de control de longitud fija 00732cam a2200217 a 4500
001 - NÚMERO DE CONTROL
campo de control 000018264
005 - FECHA Y HORA DE LA ÚLTIMA TRANSACCIÓN
campo de control 20200929165428.0
008 - DATOS DE LONGITUD FIJA--INFORMACIÓN GENERAL
campo de control de longitud fija 760809s1944 nyu 000 f eng d
040 ## - FUENTE DE LA CATALOGACIÓN
Centro catalogador/agencia de origen DO-SdBNP
Lengua de catalogación eng
Centro/agencia transcriptor LC
Centro/agencia modificador BNPHU
082 ## - NÚMERO DE LA CLASIFICACIÓN DECIMAL DEWEY
Número de clasificación 813.54
Número de documento/Ítem B922g
049 ## - FONDOS LOCALES (OCLC)
Fondos de biblioteca BNGR
100 1# - ENTRADA PRINCIPAL--NOMBRE DE PERSONA
Nombre de persona Buck, Pearl S.
Forma completa/desarrollada del nombre (Pearl Sydenstricker),
Fechas asociadas al nombre 1892-1973
9 (RLIN) 11588
245 14 - MENCIÓN DE TÍTULO
Título The good earth /
Mención de responsabilidad, etc. Pearl S. Buck.
260 ## - PUBLICACIÓN, DISTRIBUCIÓN, ETC.
Lugar de publicación, distribución, etc. New York :
Nombre del editor, distribuidor, etc. The Modern Library,
Fecha de publicación, distribución, etc. 1944.
300 ## - DESCRIPCIÓN FÍSICA
Extensión 374 p. ;
Dimensiones 17 cm.
490 1# - MENCIÓN DE SERIE
Mención de serie The Modern Library of the World's Best Books
650 #4 - PUNTO DE ACCESO ADICIONAL DE MATERIA--TÉRMINO DE MATERIA
Término de materia o nombre geográfico como elemento de entrada Novela estadounidense
9 (RLIN) 262
650 #4 - PUNTO DE ACCESO ADICIONAL DE MATERIA--TÉRMINO DE MATERIA
Término de materia o nombre geográfico como elemento de entrada Loiteratura estadounidense
Subdivisión cronológica SIGLO XX
9 (RLIN) 39557
830 #0 - PUNTO DE ACCESO ADICIONAL DE SERIE-TÍTULO UNIFORME
Título uniforme The Modern Library of the World's Best Books
9 (RLIN) 39558
910 ## - DATOS DE OPCIÓN DEL USUARIO (OCLC)
Datos de opción del usuario Catalogación derivada
Holdings
Estado de retiro Estado de pérdida Restricciones de uso No para préstamo Código de colección Localización permanente Ubicación/localización actual Ubicación en estantería Fecha de adquisición Número de inventario Total de préstamos Signatura topográfica completa Código de barras Fecha visto por última vez Precio válido a partir de Tipo de ítem Koha
        Monografías: Libros y Folletos General General En catalogación 22.04.2010 LF1   813.54 B922g 18264-10 25.06.2020 25.06.2020 Préstamo en sala

Powered by Koha